000 00698nam a2200241Ia 4500
003 OSt
005 20220925220442.0
006 a|||||r|||| 00| 0
007 ta
008 220923b |||||||| |||| 00| 0 eng d
037 _cGeneral Book
040 _aRTL
_cRTL
_beng
041 _2eng
_aeng
082 _aYb4, L3
100 _aHindess Barry
_992113
245 0 _aUse of official statistics in sociology
_b A critiqu
260 _aLondon
_bMacmillan
_c1973
300 _a63p
_ccm.
490 _aStudies in sociology. Ed by Anthony Giddens
500 _aBibliography 59-63; Appendix P51-58
942 _hYb4, L3
_cGB
_2CC
999 _c571516
_d571516